Piaget- vygotsky: The social genesis of thought (Record no. 1398311)

MARC details
000 -LEADER
fixed length control field 00608nam a2200193Ia 4500
005 - DATE AND TIME OF LATEST TRANSACTION
control field 20250508165935.0
008 - FIXED-LENGTH DATA ELEMENTS--GENERAL INFORMATION
fixed length control field 008 250505s9999 xx 000 0 eng d
037 ## - SOURCE OF ACQUISITION
Stock number Textual
040 ## - CATALOGING SOURCE
Original cataloging agency FEDL
Language of cataloging eng
Transcribing agency FEDL
041 ## - LANGUAGE CODE
Language code of text/sound track or separate title eng
Source of code eng
084 ## - COLON CLASSIFICATION NUMBER
Classification number 370.152, TRY
Assigning agency FEDL
100 ## - MAIN ENTRY--PERSONAL NAME
Personal name Tryphon Anastasia Ed.
9 (RLIN) 144132
245 #0 - TITLE STATEMENT
Title Piaget- vygotsky: The social genesis of thought
260 ## - PUBLICATION, DISTRIBUTION, ETC.
Place of publication, distribution, etc. East Sussex
Name of publisher, distributor, etc. Psychology Press
Date of publication, distribution, etc. 1996
300 ## - PHYSICAL DESCRIPTION
Extent 215p.
546 ## - LANGUAGE NOTE
Language note Gifted by HOD Namita Ranaganathan in memory of Prof. Arvind Gaysu
942 ## - ADDED ENTRY ELEMENTS (KOHA)
Koha item type Textual
Classification part 370.152, TRY
Holdings
Withdrawn status Lost status Damaged status Not for loan Home library Current library Date acquired Total Checkouts Full call number Barcode Date last seen Price effective from Koha item type
        Department of Education Library Department of Education Library 2025-05-08   370.152, TRY EL0091971 2025-05-08 2025-05-08 Textual
Copyright @ Delhi University Library System